The noble scholar, jurist, historian


 His Excellency Dr. Abdul Wahhab bin Ibrahim Abu Sulaiman, may Allah have mercy on him.


 He was born in Umm Al-Qura in the year 1356 AH.

الجواب الذي انضبط عن لا تكن حلوا فتسترط : (Record no. 11278)

MARC details
000 -LEADER
fixed length control field 01457cam a2200289 i 4500
003 - CONTROL NUMBER IDENTIFIER
control field SA-RiAUC
005 - DATE AND TIME OF LATEST TRANSACTION
control field 20250829145731.0
008 - FIXED-LENGTH DATA ELEMENTS--GENERAL INFORMATION
fixed length control field 250827s1993 su g 000r0 ara c
040 ## - CATALOGING SOURCE
Original cataloging agency SA-RiAUC
Language of cataloging ara
Transcribing agency SA-RiAUC
Description conventions rda
082 04 - DEWEY DECIMAL CLASSIFICATION NUMBER
Classification number 213
090 ## - LOCALLY ASSIGNED LC-TYPE CALL NUMBER (OCLC); LOCAL CALL NUMBER (RLIN)
Classification number (OCLC) (R) ; Classification number, CALL (RLIN) (NR) 213
Local cutter number (OCLC) ; Book number/undivided call number, CALL (RLIN) س خ ا
100 1# - MAIN ENTRY--PERSONAL NAME
Personal name السخاوي، محمد بن عبد الرحمن بن محمد،
Dates associated with a name 831-902 هجري
Relator term مؤلف.
245 12 - TITLE STATEMENT
Title الجواب الذي انضبط عن لا تكن حلوا فتسترط :
Remainder of title رسالة في الإنصاف وذم الغلو والإجحاف /
Statement of responsibility, etc. شمس الدين محمد بن عبدالرحمن بن محمد السخاوي ؛ تحقيق أبو عبيدة مشهور بن حسن بن محمود آل سليمان وأبو حذيفة أحمد الشقيرات.
250 ## - EDITION STATEMENT
Edition statement الطبعة الأولى.
264 #1 - PRODUCTION, PUBLICATION, DISTRIBUTION, MANUFACTURE, AND COPYRIGHT NOTICE
Place of production, publication, distribution, manufacture الرياض :
Name of producer, publisher, distributor, manufacturer دار التوحيد للنشر والتوزيع،
Date of production, publication, distribution, manufacture, or copyright notice 1994
300 ## - PHYSICAL DESCRIPTION
Extent 80 صفحة ؛
Dimensions 21 سم
336 ## - CONTENT TYPE
Content type term نص
Content type code txt
Source rdacontent
Materials specified كتاب
337 ## - MEDIA TYPE
Media type term بدون وسيط
Media type code n
Source rdamedia
338 ## - CARRIER TYPE
Carrier type term مجلد
Carrier type code nc
Source rdacarrier
650 #7 - SUBJECT ADDED ENTRY--TOPICAL TERM
Topical term or geographic name entry element الوعظ والإرشاد
Source of heading or term aucsh
650 #7 - SUBJECT ADDED ENTRY--TOPICAL TERM
Topical term or geographic name entry element الدعوة الإسلامية
Source of heading or term aucsh
650 #7 - SUBJECT ADDED ENTRY--TOPICAL TERM
Topical term or geographic name entry element الأخلاق الإسلامية
Source of heading or term aucsh
700 1# - ADDED ENTRY--PERSONAL NAME
Personal name آل سليمان، مشهور بن حسن،
Dates associated with a name 1380 هجري-
Relator term محقق.
700 1# - ADDED ENTRY--PERSONAL NAME
Personal name الشقيرات، أبو حذيفة أحمد
Relator term محقق.
942 ## - ADDED ENTRY ELEMENTS (KOHA)
Source of classification or shelving scheme Dewey Decimal Classification
Koha item type Books
Suppress in OPAC No
949 ## - LOCAL PROCESSING INFORMATION (OCLC)
a SA-JeALM
d 250827
u mohamedma123
n 1
Holdings
Withdrawn status Lost status Source of classification or shelving scheme Damaged status Not for loan Home library Current library Date acquired Total checkouts Full call number Barcode Date last seen Price effective from Koha item type
    Dewey Decimal Classification     DR AbdElwahab Library DR AbdElwahab Library 08/29/2025   213 س خ ا 000018279 08/29/2025 08/29/2025 Books